000 00550nam a22001817a 4500
008 240916b ||||| |||| 00| 0 eng d
020 _a9780802473158
050 _aHQ734
_b .C43 2004
100 _aChapman, Gary D.,
245 _a The 5 love languages :
_bthe secret to love that lasts /
246 _afive love languages
260 _a Chicago :
_bNorthfield Pub.,
_c2004
300 _a 201 p. ;
_c23 cm.
500 _a Includes bibliographical references.
650 _aCommunication in marriage.
650 _a Love.
942 _2lcc
_cBK
999 _c59447
_d59447